| 000 | 00377nam a2200145Ia 4500 | ||
|---|---|---|---|
| 008 | 150201s1994 xx 000 0 und d | ||
| 082 |
_a617.692 _bS1994H |
||
| 100 | _aHEARTWELL,CHARLES | ||
| 245 | _aSYLLABUS OF COMPLETE DENTURE | ||
| 250 | _a1ST | ||
| 260 |
_bVARGHESE PUBLICATION _aDADAR ( MUMBAI) _c1994 |
||
| 300 | _a1-573 | ||
| 650 | _aPROSTHODONTICS | ||
| 942 |
_2ddc _cBK _03 |
||
| 999 |
_c3813 _d3813 |
||